• 首页
  • 本馆介绍
  • 公告通知
  • 最新文献
  • 馆藏检索
  • 电子资源
  • 读者导购
  • 参考咨询
  • 我的图书馆
  • 登录
  • 详细信息显示
  • 放入我的书架
  • 预约/预借图书
  • 作者相关作品
  • 分类相关作品
  • 丛书相关作品
  • 出版社相关作品

书目信息

  • 表格格式
  • 工作单格式
  • 卡片格式
题名:
美英现代社会调控机制
    
 
作者: 吴必康 主编
分册:  
出版信息: 北京   人民出版社  2002
页数: 378页
开本: 20cm
丛书名:
单 册:
中图分类: D523.1
科图分类:
主题词: 组织机构--体制--研究--美、英
电子资源:
ISBN: 7-01-003595-4
000 01356nam0 2200361 450
000 01319nam0 2200349 450
000 01301nam0 2200349 450
000 01247nam0 2200325 450
000 01211nam0 2200313 450
000 01209nam0 2200325 450
000 01155nam0 2200301 450
000 01173nam0 2200289 450
000 01136nam0 2200277 45
001 002211770
005 20070106145840.31
010    @a7-01-003595-4@dCNY21.00
100    @a20060829d2002 emky0chiy0120 ea
101 0  @achi
102    @aCN@b110000
105    @ay z 000yy
200 1  @a美英现代社会调控机制@Amei ying xian dai she hui tiao kong ji zhi@e历史实践的若干研究@ELi Shi Shi Jian De Ruo Gan Yan Jiu@f吴必康主编@FWu Bi Kang Zhu Bian
210    @a北京@c人民出版社@d2002
215    @a378页@d20cm
300    @a中国社会科学基金“九五”重点项目
320    @a有参考书目:371-378页
330    @a本书回顾了19世纪末期以来英美现代社会调控机制的基本历史发展过程,分别探讨了英美政府在一些重要领域中调控政策的演变,着重于统治阶级在社会矛盾和危机中维护统治权益的具体实践活动。
606 0  @a组织机构@x体制@x研究@y美、英
690    @aD523.1@v4
701  0 @a吴必康@Awu bi kang@4主编
801  0 @aCN@b中图数据@c20070106
905    @a10447@dD523.1@e145
    
    美英现代社会调控机制:历史实践的若干研究/吴必康主编.-北京:人民出版社,2002
    378页;20cm
    中国社会科学基金“九五”重点项目
    
    ISBN 7-01-003595-4:CNY21.00
    本书回顾了19世纪末期以来英美现代社会调控机制的基本历史发展过程,分别探讨了英美政府在一些重要领域中调控政策的演变,着重于统治阶级在社会矛盾和危机中维护统治权益的具体实践活动。
●
相关链接 在E读中查询图书 在五车中查询图书 在当当中查询图书 在豆瓣中查询图书


正题名:美英现代社会调控机制     索取号:D523.1/145         预约/预借

序号 登录号 条形码 馆藏地/架位号 状态 备注
1 0616333   206163337   第一借阅区/ [索取号:D523.1/145] 在馆    
2 0616334   206163346   第一借阅区/ [索取号:D523.1/145] 在馆    
3 0616335   206163355   第一借阅区/ [索取号:D523.1/145] 在馆    
4 0616343   206163435   第一样本阅览室/ [索取号:D523.1/145] 在馆    
5 0616344   206163444   第一借阅区/ [索取号:D523.1/145] 在馆    
唐山师范学院图书馆 欢迎您!
大连网信软件有限公司© 版权所有